000 00625nam a2200229Ia 4500
003 BUBTL
008 151213s9999 xx 000 0 und d
020 _a0-07-059869-x
082 _a658.049
_bHIB
100 _aCharles W. L. Hill
245 _aInternational Business
_cCharles W. L. Hill
250 _a5th
260 _aNew York
_bMc Graw Hill
_c2005
300 _a718 . :
_bill , Table , Maps ; 22cm .
_cBusiness .
500 _aIncludes Index .
650 _aBusiness
650 _aBusiness
700 _aCharles W. L. Hill
856 _k0
_l0
_yDownload
942 _2ddc
_cBK
999 _c3120
_d3120